000 00642nam a22001815i 4500
001 157958
003 ES-MaACL
005 20230906210923.0
008 991025m18631866fr a |||| | fre d
040 _aLR
_bspa
_cLR
100 1 _aLondet, Louis-André.
_9129047
245 1 0 _aTraité d'economie rurale /
_cpar L.A. Londet.
260 _aParis :
_bimprimerie et librairie d'agriculture et d'horticulture de M\pme\s V\pe\s Bouchard-Huzard (
_g1863-1866)
300 _a2 v. ;
_c21 cm.
597 1 _aT. I (XXVIII, 432 p.) ; t. II (403 p., VIII h. de lám.)
597 1 _aAntep.
852 _aES-MaACL
_jC-12026-12027
_z-- Enc. pasta española
999 _c157958
_d157958